[Event "Sant Andreu Seniors"]
[Site "Barcelona"]
[Date "2019.10.26"]
[Round "6"]
[White "Bohigas Santasusagna, Lluis"]
[Black "Casals Potrony, Joan"]
[Result "1/2-1/2"]
[WhiteElo "1939"]
[BlackElo "1831"]
[PlyCount "64"]
[EventDate "2019.09.14"]
[EventType "tourn"]
[EventRounds "9"]
[EventCountry "ESP"]
[SourceTitle "CBM 195 Extra"]
[Source "ChessBase"]
[SourceDate "2020.05.31"]
[SourceVersion "1"]
[SourceVersionDate "2020.05.31"]
[SourceQuality "1"]

1. e4 e6 2. d4 d5 3. e5 c5 4. c3 Nc6 5. Nf3 Nge7 6. Be2 Ng6 7. 0-0 Bd7 8. Bg5 Qb6 9. Qd2 Rc8 10. h4 cxd4 11. cxd4 h6 12. Be3 Na5 13. Nc3 Nc4 14. Bxc4 Rxc4 15. Rac1 Qd8 16. g3 Ne7 17. Kg2 Nf5 18. Rh1 b5 19. b3 Rc8 20. Qd3 Ba3 21. Rc2 Qb6 22. Nb1 Rxc2 23. Qxc2 Nxe3+ 24. fxe3 Be7 25. Rc1 b4 26. Nbd2 Bb5 27. Qc7 Qxc7 28. Rxc7 a6 29. Kf2 Bd8 30. Rb7 0-0 31. Rb8 Bc7 32. Rxf8+ Kxf8 1/2-1/2